Foreign policy analysis :new approaches / (Record no. 4365)

000 -LEADER
fixed length control field 00992cam a2200313 i 4500
001 - CONTROL NUMBER
control field 19123259
003 - CONTROL NUMBER IDENTIFIER
control field OSt
005 - DATE AND TIME OF LATEST TRANSACTION
control field 20241111105343.0
008 - FIXED-LENGTH DATA ELEMENTS--GENERAL INFORMATION
fixed length control field 160606s2017 enk b 001 0 eng
010 ## - LIBRARY OF CONGRESS CONTROL NUMBER
LC control number 2016025348
020 ## - INTERNATIONAL STANDARD BOOK NUMBER
International Standard Book Number 9781138934283 (hardback)
020 ## - INTERNATIONAL STANDARD BOOK NUMBER
International Standard Book Number 9781138934290 (pbk.)
020 ## - INTERNATIONAL STANDARD BOOK NUMBER
Cancelled/invalid ISBN 9781315442488 (ebook)
040 ## - CATALOGING SOURCE
Original cataloging agency DLC
Language of cataloging eng
Transcribing agency DLC
Description conventions rda
Modifying agency DLC
042 ## - AUTHENTICATION CODE
Authentication code pcc
050 00 - LIBRARY OF CONGRESS CALL NUMBER
Classification number JZ1242.A45 2017
082 00 - DEWEY DECIMAL CLASSIFICATION NUMBER
Classification number 327.1
Edition number 23
100 1# - MAIN ENTRY--PERSONAL NAME
Personal name Alden, Chris.
245 10 - TITLE STATEMENT
Title Foreign policy analysis :new approaches /
Statement of responsibility, etc Chris Alden and Amnon Aran.
250 ## - EDITION STATEMENT
Edition statement Second edition.
260 ## - PUBLICATION, DISTRIBUTION, ETC. (IMPRINT)
Place of publication, distribution, etc New York
Name of publisher, distributor, etc Routledge
Date of publication, distribution, etc 2017
300 ## - PHYSICAL DESCRIPTION
Extent viii, 186 pages ;
Dimensions 23 cm
504 ## - BIBLIOGRAPHY, ETC. NOTE
Bibliography, etc Includes bibliographical references (pages [161]-176) and index.
650 #0 - SUBJECT ADDED ENTRY--TOPICAL TERM
Topical term or geographic name as entry element International relations.
700 1# - ADDED ENTRY--PERSONAL NAME
Personal name Aran, Amnon.
906 ## - LOCAL DATA ELEMENT F, LDF (RLIN)
a 7
b cbc
c orignew
d 1
e ecip
f 20
g y-gencatlg
942 ## - ADDED ENTRY ELEMENTS (KOHA)
Source of classification or shelving scheme
Koha item type Book
Holdings
Withdrawn status Lost status Source of classification or shelving scheme Damaged status Not for loan Home library Current library Shelving location Date acquired Total Checkouts Full call number Barcode Checked out Date last seen Date checked out Copy number Price effective from Koha item type
          Riara University Library Riara University Library General stack 08/11/2024 1 JZ1242.A45 2017 10718/24 05/02/2025 20/01/2025 20/01/2025 C.1 11/11/2024 Book
          Riara University Library Riara University Library General stack 08/11/2024 2 JZ1242.A45 2017 10719/24 24/04/2026 02/04/2026 02/04/2026 C.2 11/11/2024 Book

Riara University Library,
P.O. Box 49940-00100,
Nairobi, Kenya.